Normal view
MARC view
- البنا ، احمد عبد الجواد/مراجعة موسى نوفل ؛
Entry Personal Name
001 - CONTROL NUMBER
- control field: 8862
003 - CONTROL NUMBER IDENTIFIER
- control field: JO-AjAnu
005 - DATE AND TIME OF LATEST TRANSACTION
- control field: 20230606071728.0
008 - FIXED-LENGTH DATA ELEMENTS
- fixed length control field: 230606|| aca||aabn | a|a d
040 ## - CATALOGING SOURCE
- Original cataloging agency: JO-AjAnu
- Transcribing agency: JO-AjAnu
100 ## - HEADING--PERSONAL NAME
- Personal name: البنا ، احمد عبد الجواد/مراجعة موسى نوفل ؛
670 ## - SOURCE DATA FOUND
- Source citation: Work cat.: (JO-AjAnu)4573: البنا ، احمد عبد الجواد/مراجعة موسى نوفل ؛, author, الفهرسة البطاقات كتاب منهجي تطبيقي لامناء المكتبات